000 00601nam a2200241 a 4500
005 20140310183417.0
008 070926s19uu xx 00 eng d
020 _a9789712348747
050 _aHF 5550
_b.M468 2007
100 _aMedina, Roberto G.
245 _aBusiness Finance./
250 _a2nd ed.
260 _aManila, Philippines :
_bRex Book Store, Inc,
_c2007.
300 _a228 p. :
_bill, ;
_c23 cm.
521 _aBSBA
546 _aC16580
546 _aC9911
546 _aC9912
546 _aC8671
546 _aC8670
650 _aBusiness finance.
942 _cBK
_2lcc
_kLOC
999 _c22590
_d22590